000 00683pam a2200229 a 4500
001 4817373
005 20180306031421.0
008 890825s1990 caua b 001 0 eng c
010 _a 89017922
020 _a0805350152
040 _aDNLM/DLC
_cDLC
_dDLC
041 _aeng
060 _aQU 4 M4294b
080 _a574.192 MAT
082 0 0 _a574.192 MAT
_220
100 1 _a5
101 _aBIO
245 1 0 _aBiochemistry /
_cChristopher K. Mathews, K.E. van Holde ; illustration concepts by Audre W. Newman with art contributions from Irving Geis.
504 _aIncludes bibliographical references.
906 _a7
_bcbc
_corignew
_d1
_eocip
_f19
_gy-gencatlg
942 _2ddc
_cBK
999 _c44105
_d44105